header

Where the forest meets the sea (Record no. 263245)

MARC details
000 -LEADER
fixed length control field 00279nam a22001097a 4500
020 ## - INTERNATIONAL STANDARD BOOK NUMBER
ISBN 0688063632
100 ## - MAIN ENTRY--AUTHOR NAME
Personal name Baker, Jeannie.
245 ## - TITLE STATEMENT
Title Where the forest meets the sea
260 ## - PUBLICATION, DISTRIBUTION, ETC. (IMPRINT)
Place of publication New York :
Name of publisher Greenwillow Books,
Year of publication 1987.
300 ## - PHYSICAL DESCRIPTION
Number of Pages [32] p.
Other physical details col. ill. ;
942 ## - ADDED ENTRY ELEMENTS (KOHA)
Koha item type Long Loan Books
Holdings
Withdrawn status Lost status Collection code Home library Current library Shelving location Date acquired Accession Number Koha item type
    Fiction Rongo University Library Rongo University Library Children's Area 06/03/2024 CL8062021 Long Loan Books

© 2026 Rongo University
Contact us: librarian | system librarian | Rongo university